| 000 | 01456cam a22003734a 4500 | ||
|---|---|---|---|
| 001 | 13858705 | ||
| 003 | OSt | ||
| 005 | 20140310181723.0 | ||
| 008 | 050202s2005 nyua b 001 0 eng | ||
| 010 | _a 2005043044 | ||
| 020 | _a1400077974 | ||
| 040 |
_aDLC _cDLC _dDLC |
||
| 042 | _apcc | ||
| 050 | 0 | 0 |
_aQA 276 _b.C435 2005 |
| 082 | 0 | 0 |
_aIB 510 _2C34 2005 |
| 100 | 1 | _aChaitin, Gregory J. | |
| 245 | 1 | 0 |
_aMeta math! : _bthe quest for omega / _cGregory Chaitin. |
| 250 | _a1st ed. | ||
| 260 |
_aNew York : _bPantheon Books, _c2005. |
||
| 300 |
_axiv, 220 p. : _bill. ; _c24 cm. |
||
| 504 | _aIncludes bibliographical references (p. 204-206) and index. | ||
| 521 | _aIB Students | ||
| 541 | _j1 | ||
| 562 | _efor circulation. 1 copy available in the collection | ||
| 650 | 0 | _aMachine theory. | |
| 650 | 0 | _aComputational complexity. | |
| 650 | 0 | _aStochastic processes. | |
| 856 | 4 | 2 |
_3Contributor biographical information _uhttp://www.loc.gov/catdir/enhancements/fy0624/2005043044-b.html |
| 856 | 4 | 2 |
_3Publisher description _uhttp://www.loc.gov/catdir/enhancements/fy0624/2005043044-d.html |
| 856 | 4 | 1 |
_3Sample text _uhttp://www.loc.gov/catdir/enhancements/fy0624/2005043044-s.html |
| 906 |
_a7 _bcbc _corignew _d1 _eocip _f20 _gy-gencatlg |
||
| 942 |
_2lcc _cIB _kIB |
||
| 999 |
_c2089 _d2089 |
||